Cartoonfiguren mit D - Statistiken

Allgemein
  • Dieses Quiz wurde 91 mal gespielt
  • Das Durchschnittsergebnis liegt bei 10 aus 16
Antwortstatistiken
Bildquiz Antwort % Korrekt
Donald Duck
99%
Dumbo
94%
Donkey Kong
88%
Dorie
85%
Dora
77%
Daltons
76%
Diego
73%
Donatello
71%
Deadpool
68%
DareDevil
62%
Darkwing Duck
57%
Doug
45%
Daffy Duck
44%
Dussel Duck
32%
Dug
18%
Doraemon
10%
Keine übereinstimmenden Quizze gefunden
Verteilung der Resultate
Anzahl Personen mit jedem Resultat
Perzentil nach korrekt beantworteten Fragen
Ihre Resultats-Entwicklung
Sie haben dieses Quiz noch nicht gespielt